000 00272nam a22001217a 4500
008 170817b xxu||||| |||| 00| 0 eng d
041 _aeng
080 _a621.38
100 _a27
101 _aIM
245 _aDIGITAL CIRCUITS AND LOGIC DESIGN
_cLEE,S.C
942 _2udc
_cBK
999 _c23811
_d23811